Normal view
MARC view
- عبداللطيف، ناصر نور الدين
Entry Personal Name
001 - CONTROL NUMBER
- control field: 28784
003 - CONTROL NUMBER IDENTIFIER
- control field: JO-AjAnu
005 - DATE AND TIME OF LATEST TRANSACTION
- control field: 20230606074856.0
008 - FIXED-LENGTH DATA ELEMENTS
- fixed length control field: 230606|| aca||aabn | a|a d
040 ## - CATALOGING SOURCE
- Original cataloging agency: JO-AjAnu
- Transcribing agency: JO-AjAnu
100 ## - HEADING--PERSONAL NAME
- Personal name: عبداللطيف، ناصر نور الدين
670 ## - SOURCE DATA FOUND
- Source citation: Work cat.: (JO-AjAnu)14775: عبداللطيف، ناصر نور الدين, author, الاتجاهات الحديثة في المحاسبة الادارية وتكنولوجيا المعلومات : دراسات في المحاسبة الادارية المتقدمة وتطبيقاتها على الحاسب